header

The Fantastic Journey of the Space Shuttle Astra (Record no. 260983)

MARC details
000 -LEADER
fixed length control field 00268nam a22001097a 4500
020 ## - INTERNATIONAL STANDARD BOOK NUMBER
ISBN 0590329723
100 ## - MAIN ENTRY--AUTHOR NAME
Personal name Barbara B. Hiller
245 ## - TITLE STATEMENT
Title The Fantastic Journey of the Space Shuttle Astra
260 ## - PUBLICATION, DISTRIBUTION, ETC. (IMPRINT)
Place of publication New York
Name of publisher Scholastic
Year of publication 1984
300 ## - PHYSICAL DESCRIPTION
Number of Pages 55 pgs
942 ## - ADDED ENTRY ELEMENTS (KOHA)
Koha item type Long Loan Books
Holdings
Withdrawn status Lost status Collection code Home library Current library Shelving location Date acquired Accession Number Koha item type
    Fiction Rongo University Library Rongo University Library Children's Area 26/10/2023 CL2021564 Long Loan Books

© 2026 Rongo University
Contact us: librarian | system librarian | Rongo university